000
00315nam a2200133Ia 4500
008
220216s9999 xx 000 0 und d
100
_a
Jacob G
245
0
_a
Co-operative marketing in rubber
260
_b
Rubber Board Bulletin
_c
1985
300
_a
22-27
650
_a
Marketing
650
_a
Rubber
942
_c
JS
999
_c
56364
_d
56364